00194nam a2200073Ia 4500082001300000245003100013100003500044008004100079 aEJF BLYT 0aFive go adventuring again  a BLYTON, Enid London, 2000 210817s9999 xx 000 0 und d